Romačka i metelyk

Bibliographic Details
Main Author: Ponomarenko, Marija (Author)
Format: Article
Language:Ukrainian
PhysicalDescription:Ilustr.
ISSN:1337-6314
Subjects:

MARC

LEADER 00000nab a2200000 a 4500
001 vtls009462855
003 SK-MaSNL
005 20260304051738.0
008 190503c2007 xo mr p 000 c0ukr
015 |a SNBRB2009/01 
038 |a SVKPOCL 
040 |a SVKPOCL  |b slo  |c SVKPOCL  |e AACR2 
041 0 |a ukr 
044 |a xo  |c SK 
080 |a 821.161.2-32=161.2  |2 2001 
080 |a 821.161.2-93=161.2  |2 2001 
100 1 |a Ponomarenko, Marija  |4 aut  |9 945537 
245 1 0 |a Romačka i metelyk  |c Marija Ponomarenko 
300 |b Ilustr. 
650 0 7 |a ukrajinská literatúra  |2 svkpocl  |9 1218 
650 0 7 |a ukrajinská próza  |2 svkpocl  |9 82745 
650 0 7 |a literatúra pre deti a mládež  |2 svkpocl  |9 21893 
651 7 |a Ukrajina  |2 svkpocl  |9 168045 
655 7 |a alegorické poviedky, ukrajinské  |2 svkpocl  |9 1333962 
773 0 |t Veselka  |g Rič. [60], č. 3 (2008/2009), s. 6  |x 1337-6314 
852 |a SVKPO  |b KIS3GCP 
958 |a UK 
958 |a LX 
958 |a UA 
958 |a SK 
999 |c 2704721  |d 2706651